Top 100 "D" Baby Boy Names - USA 2022 - Statistics

General Stats
  • This quiz has been taken 246 times
  • The average score is 42 of 100
Answer Stats
Answer % Correct
Davi
97%
Daniel
96%
David
93%
Dovid
93%
Don
87%
Donald
83%
Danny
80%
Dereck
80%
Derek
80%
Derick
80%
Derrick
80%
Damian
79%
Damien
79%
Damion
79%
Dev
77%
Dylan
75%
Devin
74%
Dominic
74%
Dominick
74%
Dominik
74%
Dominique
74%
Drake
73%
Devon
72%
Dennis
66%
Dean
64%
Drew
63%
Darren
62%
Damon
61%
Dexter
60%
Dax
59%
Darrell
57%
Darryl
57%
Dallas
56%
Dustin
56%
Davis
54%
Douglas
54%
Declan
52%
Deklan
52%
Dawson
50%
Dalton
48%
Dale
47%
Dilan
47%
Dillon
47%
Dash
46%
Desmond
44%
Dezmond
44%
Duke
44%
Dane
42%
Darius
42%
Diego
42%
Dorian
41%
Dante
40%
Donovan
40%
Daxton
38%
Deion
38%
Denver
38%
Deon
38%
Dion
38%
Dwayne
36%
Dayton
33%
Dakota
32%
Deacon
32%
Duncan
30%
Darwin
26%
Dimitri
26%
Dov
26%
Darian
22%
Darien
22%
Darnell
22%
Dario
21%
Denzel
21%
Destin
18%
Davin
15%
Deandre
15%
Dior
15%
Draco
15%
Davon
14%
Daxon
14%
Decker
13%
Demetrius
11%
Deshawn
11%
Damari
9%
Dangelo
9%
Dashiell
9%
Davian
9%
Deangelo
9%
Denim
9%
Danilo
8%
Dariel
7%
Devonte
7%
Damir
6%
Davion
5%
Daylen
5%
Donte
5%
Dakari
4%
Dhruv
4%
Deegan
3%
Demari
3%
Draven
3%
Demir
2%
No matching quizzes found
Score Distribution
Percent of People with Each Score
Percentile by Number Answered
Your Score History
You have not taken this quiz